000 00628nam a2200241Ia 4500
003 OSt
005 20220918212122.0
006 a|||||r|||| 00| 0
007 ta
008 220917b |||||||| |||| 00| 0 eng d
024 _a127,322
037 _cTextual
040 _aARTS
_cARTS
_beng
041 _2eng
_aeng
082 _aX0aW, L3
100 _aBartlett Randall
_9122550
245 0 _aEconomic foundations of political power
260 _aNew York
_bFree Press
_c1973
300 _axi,206p.
_ccm.
650 _aECONOMICS
942 _hX0aW, L3
_cTEXL
_2CC
999 _c250464
_d250464